| 000 | 00743cab a2200241 4500 | ||
|---|---|---|---|
| 001 | ABS43264 | ||
| 008 | 090401t1990 xxu||||| |||| 00| 0 eng d | ||
| 035 | _a(Sirsi) u41129 | ||
| 041 | _aeng | ||
| 100 | _aChristie, E.W. | ||
| 245 | _aOptions and s2: cause for concern? | ||
| 260 | _c1990 | ||
| 350 | _a0 | ||
| 490 |
_aLaw Society`s Gazette _v(28) 25 July 1990, 21-24(2) |
||
| 520 | _aArgues that the validity of standard forms of option agreement still stands following enactment of the Law of Property (Miscellaneous Provisions) Act 1989 s2 | ||
| 650 |
_aContracts _96232 |
||
| 650 | _aCONVEYANCING | ||
| 650 | _aPURCHASE | ||
| 690 | _aPROPERTY LAW AND PRACTICE | ||
| 700 | _aEvans, T.W. | ||
| 942 | _n0 | ||
| 948 | _c04/03/1997 | ||
| 999 |
_c26413 _d26413 |
||